00861nam a22002297a 4500999001700000003000900017008004100026040007100067082001800138100002000156245003300176260003700209300004400246440005600290505006500346650002500411650002300436700003800459942001600497945002000513952009800533 c18028d18028AR-CdUCM190511b ||||| |||| 00| 0 spa d aMUNICIPALIDAD PROVINCIAL DEL CUSCOcBIBLIOTECA MUNICIPAL DEL CUSCO a372.12 /bP12 aPacaud, Suzanne aLa selección profesional / aBuenos Aires :bKapelusz,c1961. a168 páginas ;bIlustraciones,c21 cm. aBiblioteca de psicología contemporánea ;935689 aContenido: Aspectos generales -- Aspectos metodológicos... aProfesionales922093 aProfesión938361 aUcha, Selva E. (traductor)938362 2ddccLIBROS aacvd2019-05-11 002ddc4070aSHbSHcCARTd2019-05-11g20.00o372.12 / P12pSH0000013064r2019-05-11yLIBROS